|
|
|
|
| LEADER |
00654nam a2200145Ia 4500 |
| 001 |
TDMU_35781 |
| 008 |
210410s9999 xx 000 0 und d |
| 082 |
|
|
|a 895.9228408
|
| 100 |
|
|
|a Nguyễn, Huy Phương
|
| 245 |
|
0 |
|a Quá trình phát triển kinh tế tư nhân ở tỉnh Bà Rịa - Vũng Tàu từ năm 1991 đến năm 2010
|
| 245 |
|
0 |
|c Nguyễn Huy Phương
|
| 300 |
|
|
|a Tr.86-93
|
| 650 |
|
|
|a Kinh tế; Phát triển; Kinh tế tư nhân; Bà Rịa - Vũng Tàu
|
| 856 |
|
|
|u http://lrc.tdmu.edu.vn/opac/search/detail.asp?aID=2&ID=35781
|
| 980 |
|
|
|a Trung tâm Học liệu Trường Đại học Thủ Dầu Một
|